Apadó pénzforrások árnyékában Farkas József szerint a partneri viszonyra kellene építeni a Csemadok és a társaságok együttműködését

Bibliographic Details
Main Authors: Farkas, József (Author), Neszméri, Sándor, 1952- (Author)
Format: Article
Language:Hungarian
Subjects:

MARC

LEADER 00000nab a2200000 a 4500
001 vtls000615484
003 SK-MaSNL
005 20260319074626.0
008 160401c1997 xo 0 hun
015 |a SNBRB19rr/mm-uuuuu 
035 |a CL0615623 
040 |a SNKBUCL  |b slo  |c SNKBUCL  |e AACR2 
041 0 |a hun 
044 |a xo  |c SK 
080 |a 398(437.6=945.11):061.2  |2 1981 
080 |a 323.15(437.6=945.11):061.2  |2 1981 
100 1 |a Farkas, József  |4 aut  |9 279482 
245 1 0 |a Apadó pénzforrások árnyékában  |b Farkas József szerint a partneri viszonyra kellene építeni a Csemadok és a társaságok együttműködését  |c József Farkas, Sándor Neszméri 
650 0 7 |a Maďarský folklórny zväz na Slovensku  |2 snkbucl  |9 994921 
650 0 7 |a Csemadok  |2 snkbucl  |9 893810 
655 7 |a články z novín a časopisov  |2 snkbucl  |9 267496 
700 1 |a Neszméri, Sándor,  |d 1952-  |4 aut  |9 270152 
773 0 |t Szabad újság  |g Roč. 5, č. 7 (1997), s. 11 
850 |a Slovenská národná knižnica v Martine  |a DSG001 
852 |a SNK  |b KIS3GCP 
958 |a HU 
958 |a SK 
958 |a RK 
958 |a RBX 
999 |c 1604594  |d 1606524